Sports Quiz

Random Sports or Baseball Quiz

60 Second Blitz: MLB Players with 30+ Home Runs in 2011 Quiz Stats

 Plays Quiz not verified by Sporcle

Challenge
Share
Tweet
Embed
Score 0/24 Timer 01:00
0 Plays Today
% Correct
Albert Pujols
81.6%
Jose Bautista
70.9%
Prince Fielder
70.9%
Ryan Braun
66%
Curtis Granderson
64.1%
Miguel Cabrera
62.1%
Mark Teixeira
61.2%
Matt Kemp
61.2%
Ryan Howard
48.5%
Adrian Beltre
39.8%
Paul Konerko
37.9%
Giancarlo Stanton
32%
% Correct
Lance Berkman
32%
Jacoby Ellsbury
31.1%
Evan Longoria
28.2%
Mark Reynolds
24.3%
Justin Upton
23.3%
Troy Tulowitzki
21.4%
Dan Uggla
19.4%
Jay Bruce
17.5%
Ian Kinsler
15.5%
JJ Hardy
14.6%
Mike Napoli
13.6%
Michael Morse
7.8%

You're not logged in!

Compare scores with friends on all Sporcle quizzes.
Join for Free
OR
Log In

You Might Also Like...

Show Comments

Extras

Top Quizzes Today


Score Distribution

Your Account Isn't Verified!

In order to create a playlist on Sporcle, you need to verify the email address you used during registration. Go to your Sporcle Settings to finish the process.

Report this User

Report this user for behavior that violates our Community Guidelines.

Details: